000 00599nam a2200217Ia 4500
005 20250506172922.0
008 008 250505s9999 xx 000 0 eng d
020 _a9789386643230
037 _aTB
040 _aILCL
_beng
_cILCL
041 _aeng
_2eng
082 _qILCL
084 _aY64 Q7
100 _aHoecke, Mark Van (Ed.)
_9754756
245 0 _aMethodologies of Legal Research: which kind of Method for what kind of Discipline?
260 _aNew Delhi
_bBloomsbury
_c2017
300 _axx,294p.
365 _aINR
942 _cTB
_2Colon Classification
999 _c1312701
_d1312701